[Event "Monte Carlo MNC"]
[Site "?"]
[Date "2006.03.23"]
[Round "5"]
[White "Leko Peter"]
[Black "Topalov Veselin"]
[Result "1/2-1/2"]
[WhiteElo "2740"]
[BlackElo "2801"]
[PlyCount "126"]
[EventDate "2006.??.??"]
[Source "www.chesslib.no"]
[SourceDate "2004.05.04"]

1. e4 c5 2. Nf3 d6 3. d4 cxd4 4. Nxd4 Nf6 5. Nc3 a6 6. f3 e5 7. Nb3 Be6 8. Be3 h5 9. Nd5 Bxd5 10. exd5 Nbd7 11. Qd2 Qc7 12. Na5 b6 13. Nc6 Nxd5 14. Qxd5 Nf6 15. Qc4 b5 16. Qb3 Qxc6 17. a4 b4 18. O-O-O d5 19. Bg5 Rd8 20. Bxf6 gxf6 21. Bd3 Qb6 22. Kb1 Bc5 23. Rhe1 Kf8 24. Re2 Bd4 25. Ka2 h4 26. Red2 Be3 27. Re2 Bf4 28. c3 a5 29. cxb4 axb4 30. Bb5 Qd6 31. Rc2 d4 32. Rc6 Qe7 33. g3 Be3 34. a5 Kg7 35. Qc4 Rd7 36. a6 f5 37. Rc5 Ra7 38. f4 f6 39. fxe5 fxe5 40. Qd5 Rc7 41. Qxe5+ Qxe5 42. Rxe5 Kf6 43. Rd5 hxg3 44. hxg3 Ke6 45. R5xd4 Bxd4 46. Rxd4 Rh3 47. g4 b3+ 48. Ka3 Ke5 49. Ra4 Ra7 50. gxf5 Kxf5 51. Bc6 Ke5 52. Bb7 Kd6 53. Rc4 Rg3 54. Kb4 Rg5 55. Rc6+ Kd7 56. Rc3 Kd6 57. Rxb3 Rxb7+ 58. axb7 Kc7 59. Ka4 Kb8 60. Rb5 Rg6 61. Ka5 Rh6 62. b3 Rg6 63. b4 Rh6 1/2-1/2

[Event "Monte Carlo MNC"]
[Site "?"]
[Date "2006.03.24"]
[Round "6"]
[White "Grischuk Alexander"]
[Black "Topalov Veselin"]
[Result "1/2-1/2"]
[WhiteElo "2717"]
[BlackElo "2801"]
[PlyCount "104"]
[EventDate "2006.??.??"]
[Source "www.chesslib.no"]
[SourceDate "2004.05.04"]

1. e4 c5 2. Nf3 d6 3. d4 cxd4 4. Nxd4 Nf6 5. Nc3 a6 6. f3 e5 7. Nb3 Be6 8. Be3 h5 9. Qd2 Nbd7 10. a4 Rc8 11. a5 Rxc3 12. Qxc3 d5 13. O-O-O Be7 14. exd5 Nxd5 15. Rxd5 Bxd5 16. Bc4 Bxc4 17. Qxc4 Bg5 18. f4 exf4 19. Bxf4 O-O 20. Rd1 Qc8 21. Qd4 Nc5 22. Nxc5 Bxf4+ 23. Kb1 Bxh2 24. Qd5 Qg4 25. Rh1 Bc7 26. Qxh5 Qxh5 27. Rxh5 Bxa5 28. Nxa6 Bd8 29. Nc5 b6 30. Nd7 Re8 31. Re5 Rxe5 32. Nxe5 f5 33. c3 Bc7 34. Nf3 Kf7 35. Kc2 Kf6 36. Kd3 g5 37. b4 g4 38. Nd4 Bd6 39. Nb5 Be7 40. Nd4 Bf8 41. Nc6 Ke6 42. Nd4+ Ke5 43. Nc6+ Kf4 44. Nd4 Bd6 45. Ne2+ Ke5 46. Nd4 f4 47. Nc6+ Kd5 48. Nd4 Bf8 49. c4+ Ke5 50. Nc6+ Kd6 51. Nd4 Ke5 52. Nc6+ Kd6 1/2-1/2

[Event "1st ACP World Rapid Cup"]
[Site "Odessa UCR"]
[Date "2007.01.08"]
[Round "3.2"]
[White "Leko, P."]
[Black "Gelfand, B."]
[Result "1/2-1/2"]
[WhiteElo "2749"]
[BlackElo "2733"]
[PlyCount "44"]
[EventDate "2007.01.05"]
[Source "www.chesslib.no"]
[SourceDate "2004.05.04"]

1. e4 c5 2. Nf3 d6 3. d4 cxd4 4. Nxd4 Nf6 5. Nc3 a6 6. f3 e5 7. Nb3 Be6 8. Be3 Nbd7 9. Qd2 b5 10. O-O-O h5 11. Kb1 Rc8 12. Nd5 Bxd5 13. exd5 Nb6 14. Bxb6 Qxb6 15. g3 g6 16. Bh3 Rc4 17. Rhe1 Bh6 18. f4 O-O 19. Qa5 Qf2 20. Qd2 Qb6 21. Qa5 Qf2 22. Qd2 Qb6 1/2-1/2

[Event "Monte Carlo MNC"]
[Site "?"]
[Date "2006.03.26"]
[Round "8"]
[White "Leko Peter"]
[Black "Gelfand Boris"]
[Result "0-1"]
[WhiteElo "2740"]
[BlackElo "2723"]
[PlyCount "64"]
[EventDate "2006.??.??"]
[Source "www.chesslib.no"]
[SourceDate "2004.05.04"]

1. e4 c5 2. Nf3 d6 3. d4 cxd4 4. Nxd4 Nf6 5. Nc3 a6 6. f3 e6 7. Be3 b5 8. g4 h6 9. Qd2 Nbd7 10. O-O-O b4 11. Na4 d5 12. Bf4 Qa5 13. b3 dxe4 14. Bc4 Bb7 15. Nxe6 fxe6 16. Bxe6 Nc5 17. Bc4 Nxa4 18. bxa4 Qc5 19. Qe2 Rc8 20. Bb3 Qc3 21. Kb1 Qxf3 22. Qd2 Be7 23. Bd6 e3 24. Qxb4 Qe4 25. Bxe7 Qxe7 26. Rd6 Bd5 27. Re1 O-O 28. Qb6 Bxb3 29. axb3 Qe4 30. Rd3 Nxg4 31. h3 Ne5 32. Qxe3 Qc6 0-1

[Event "Monte Carlo MNC"]
[Site "?"]
[Date "2006.03.20"]
[Round "3"]
[White "Vallejo Pons Francisco"]
[Black "Anand Viswanathan"]
[Result "0-1"]
[WhiteElo "2650"]
[BlackElo "2792"]
[PlyCount "86"]
[EventDate "2006.??.??"]
[Source "www.chesslib.no"]
[SourceDate "2004.05.04"]

1. e4 c5 2. Nf3 d6 3. d4 cxd4 4. Nxd4 Nf6 5. Nc3 a6 6. f3 e6 7. Be3 b5 8. g4 b4 9. Nce2 h6 10. c4 e5 11. Nc2 Nc6 12. Ng3 Be6 13. h4 a5 14. Bf2 g6 15. Ne3 Bg7 16. Rc1 O-O 17. Bd3 Nd4 18. Nc2 Nc6 19. Ne3 a4 20. Nef5 gxf5 21. exf5 e4 22. fxe4 Ne5 23. fxe6 Nfxg4 24. e7 Qxe7 25. Nf5 Qe6 26. Rg1 h5 27. Be2 Rfe8 28. Bd4 Nf3+ 29. Bxf3 Qxf5 30. Bxg7 Rxe4+ 31. Kd2 Qf4+ 32. Kc2 Rxc4+ 33. Kb1 Rxc1+ 34. Qxc1 Qxf3 35. Bh6 Qf5+ 36. Ka1 Rc8 37. Qd1 Kh7 38. Bc1 Qc2 39. Qf1 f6 40. Qe1 Kg6 41. Qe3 Kf7 42. Qe1 Rc4 43. Rf1 d5 0-1

[Event "48th New York Masters"]
[Site "New York"]
[Date "2003.03.18"]
[Round "3"]
[White "Ehlvest, Jaan"]
[Black "Yudasin, Leonid"]
[Result "1-0"]
[WhiteElo "2702"]
[BlackElo "2706"]
[PlyCount "101"]
[EventDate "2003.03.18"]
[Source "Roberto Alvarez"]
[SourceDate "2003.05.19"]

1. e4 c5 2. Nf3 d6 3. d4 cxd4 4. Nxd4 Nf6 5. Nc3 a6 6. f3 e5 7. Nb3 Be7 8. Be3 Be6 9. Qd2 O-O 10. O-O-O b5 11. g4 Nbd7 12. g5 Nh5 13. Nd5 Bxd5 14. exd5 a5 15. Bxb5 a4 16. Na1 Nc5 17. Rhg1 Qc7 18. Bc6 Rab8 19. b4 axb3 20. Nxb3 Nb7 21. a4 Rfc8 22. Rg4 Nf4 23. Bxf4 exf4 24. h4 Nd8 25. Bb5 Qa7 26. Re1 Bf8 27. Rxf4 Nb7 28. Kd1 Nc5 29. Qa5 Qb7 30. Bc6 Nxb3 31. Bxb7 Nxa5 32. Bxc8 Rxc8 33. Rb4 g6 34. Ree4 Bg7 35. Rb6 Bf8 36. Reb4 Rc7 37. Rb8 Nc4 38. Re8 Ne5 39. Rbb8 Nd7 40. Rec8 Ra7 41. Ra8 Rb7 42. a5 Kg7 43. a6 Rb1+ 44. Ke2 Ra1 45. Rd8 Nb6 46. Rxf8 Nxa8 47. Rxa8 h6 48. Kd3 hxg5 49. hxg5 Ra4 50. c3 Rf4 51. Kc2 1-0

[Event "Presidents Cup"]
[Site "Elista"]
[Date "1998.05.12"]
[Round "2.4"]
[White "Zvjaginsev, Vadim"]
[Black "Ivanchuk, Vassily"]
[Result "1-0"]
[WhiteElo "2655"]
[BlackElo "2740"]
[PlyCount "73"]
[EventDate "1998.05.07"]
[Source "ChessBase"]
[SourceDate "1998.08.06"]

1. e4 c5 2. Nf3 d6 3. d4 cxd4 4. Nxd4 Nf6 5. Nc3 a6 6. Rg1 Nc6 7. g4 Nxd4 8. Qxd4 e5 9. Qd1 Be6 10. g5 Nd7 11. Qf3 Rc8 12. Bh3 Be7 13. Be3 Rxc3 14. bxc3 Qc7 15. Bxe6 Qxc3+ 16. Kf1 fxe6 17. Kg2 Qc4 18. a4 Rf8 19. Qg4 d5 20. c3 Nc5 21. Bxc5 Rf4 22. Qh5+ g6 23. Qh3 Qxc5 24. Rgf1 Qc6 25. Qxh7 Rg4+ 26. Kh1 Rxg5 27. Rg1 Qxc3 28. Rxg5 Bxg5 29. Rb1 Qf3+ 30. Kg1 Qg4+ 31. Kf1 Be7 32. Qh8+ Kf7 33. Qxe5 dxe4 34. Qg3 Qf5 35. Rxb7 g5 36. Rd7 Kf6 37. Ke1 1-0

[Event "Presidents Cup"]
[Site "Elista"]
[Date "1998.05.12"]
[Round "2.5"]
[White "Zvjaginsev, Vadim"]
[Black "Ivanchuk, Vassily"]
[Result "1/2-1/2"]
[WhiteElo "2655"]
[BlackElo "2740"]
[PlyCount "92"]
[EventDate "1998.05.07"]
[Source "ChessBase"]
[SourceDate "1998.08.06"]

1. e4 c5 2. Nf3 d6 3. d4 cxd4 4. Nxd4 Nf6 5. Nc3 a6 6. Rg1 b5 7. g4 e6 8. g5 Nfd7 9. Rg3 Bb7 10. a3 Be7 11. Bg2 Nc6 12. f4 Nxd4 13. Qxd4 O-O 14. Qf2 Rc8 15. Be3 Rxc3 16. bxc3 Qc7 17. Kf1 Qc4+ 18. Kg1 Bxe4 19. Bd4 Bxg2 20. Rxg2 d5 21. f5 Bc5 22. f6 Rc8 23. fxg7 Qxc3 24. Bxc3 Bxf2+ 25. Rxf2 Rxc3 26. a4 b4 27. a5 Kxg7 28. Re1 Rc4 29. h3 Kg6 30. Ree2 e5 31. Re1 e4 32. Ref1 Ne5 33. Rf6+ Kg7 34. Rxa6 Rxc2 35. Rb6 Nf3+ 36. Rxf3 exf3 37. Rxb4 Ra2 38. Rf4 Kg6 39. Rf6+ Kg7 40. a6 d4 41. Rd6 f2+ 42. Kf1 Ra5 43. Rxd4 Rxg5 44. Kxf2 Ra5 45. Rd6 Ra3 46. h4 h5 1/2-1/2

[Event "Beer Sheva ISR, World Team Ch"]
[Site "?"]
[Date "2005.11.05"]
[Round "5"]
[White "Bruzon Lazaro"]
[Black "Gelfand Boris"]
[Result "1/2-1/2"]
[WhiteElo "2677"]
[BlackElo "2717"]
[PlyCount "58"]
[EventDate "2005.??.??"]
[Source "www.chesslib.no"]
[SourceDate "2004.05.04"]

1. e4 c5 2. Nf3 d6 3. d4 cxd4 4. Nxd4 Nf6 5. Nc3 a6 6. a4 g6 7. Be2 Bg7 8. O-O Nc6 9. Be3 O-O 10. Qd2 Bd7 11. Rfd1 Rc8 12. f3 Nxd4 13. Bxd4 Qc7 14. a5 Be6 15. Rdc1 Bc4 16. Kh1 e6 17. Bxc4 Qxc4 18. Ra4 Qc6 19. Rb4 Rfd8 20. Bb6 Re8 21. Ne2 h5 22. c3 Kh7 23. Rd1 d5 24. e5 Ng8 25. f4 Bf8 26. Rd4 Nh6 27. Ra1 Bc5 28. Bxc5 Qxc5 29. Rb4 Rc7 1/2-1/2

[Event "It (Men) Cuernavaca MEX"]
[Site "?"]
[Date "2006.02.05"]
[Round "3"]
[White "Ponomariov Ruslan"]
[Black "Karjakin Sergey"]
[Result "1/2-1/2"]
[WhiteElo "2723"]
[BlackElo "2660"]
[PlyCount "57"]
[EventDate "2006.??.??"]
[Source "www.chesslib.no"]
[SourceDate "2004.05.04"]

1. e4 c5 2. Nc3 d6 3. Nge2 Nf6 4. d4 cxd4 5. Nxd4 a6 6. Bd3 e5 7. Nde2 Be7 8. O-O O-O 9. f4 Nbd7 10. Kh1 b5 11. a3 Nc5 12. Ng3 Be6 13. fxe5 dxe5 14. Be3 Nfd7 15. Be2 Rc8 16. Bg4 Nf6 17. Bxe6 fxe6 18. Qe2 Qe8 19. Bg5 Ncd7 20. Rad1 h6 21. Be3 Qg6 22. Bg1 h5 23. Rf3 h4 24. Nf1 Nc5 25. Nd2 Nh5 26. Be3 Nf6 27. Bg1 Nh5 28. Be3 Nf6 29. Bg1 1/2-1/2

[Event "Monte Carlo MNC"]
[Site "?"]
[Date "2006.03.19"]
[Round "2"]
[White "Vallejo Pons Francisco"]
[Black "Grischuk Alexander"]
[Result "1/2-1/2"]
[WhiteElo "2650"]
[BlackElo "2717"]
[PlyCount "77"]
[EventDate "2006.??.??"]
[Source "www.chesslib.no"]
[SourceDate "2004.05.04"]

1. e4 c5 2. Nf3 d6 3. d4 cxd4 4. Nxd4 Nf6 5. Nc3 a6 6. f3 Qb6 7. a3 e5 8. Nf5 Bxf5 9. exf5 Nc6 10. g4 h6 11. Qd3 Nd4 12. Ne2 Nxe2 13. Qxe2 O-O-O 14. Qe3 Qc6 15. Qc3 Qxc3+ 16. bxc3 d5 17. Be3 d4 18. cxd4 exd4 19. Bd2 Nd5 20. Bd3 Bd6 21. Be4 Nf6 22. Bd3 Nd5 23. Be4 Nc3 24. Bd3 Rhe8+ 25. Kf2 Nd5 26. h4 Bf4 27. Bxf4 Nxf4 28. Be4 Nd5 29. Rab1 Re7 30. Rb3 Nc3 31. Bd3 b5 32. g5 h5 33. Rg1 Kc7 34. f6 gxf6 35. gxf6 Re6 36. Rg5 Nd1+ 37. Kg3 Rxf6 38. Rxh5 Nc3 39. Rg5 1/2-1/2

[Event "Kallithea 86/240"]
[Site "?"]
[Date "2002.??.??"]
[Round "?"]
[White "Ivanchuk, V."]
[Black "Sakaev, K."]
[Result "1/2-1/2"]
[WhiteElo "2711"]
[BlackElo "2647"]
[PlyCount "35"]
[EventDate "2002.??.??"]
[Source "Chess Informant"]
[SourceDate "2002.10.01"]

1. e4 c5 2. Nf3 d6 3. d4 cxd4 4. Nxd4 Nf6 5. Nc3 a6 6. f3 Qb6 7. a4 Nc6 8. Nb3 e6 9. a5 Qc7 10. Be3 d5 11. exd5 Nb4 12. Bb6 Qe5+ 13. Kf2 Nfxd5 14. Bd4 Qh5 15. h4 Nxc3 16. bxc3 Nc6 17. g4 Qd5 18. Bb6 1/2-1/2

[Event "Albert (m/2) 86/250"]
[Site "?"]
[Date "2002.??.??"]
[Round "?"]
[White "Bacrot, E."]
[Black "Gelfand, B."]
[Result "1/2-1/2"]
[WhiteElo "2653"]
[BlackElo "2704"]
[PlyCount "84"]
[EventDate "2002.??.??"]
[Source "Chess Informant"]
[SourceDate "2002.10.01"]

1. e4 c5 2. Nf3 d6 3. d4 cxd4 4. Nxd4 Nf6 5. Nc3 a6 6. f3 e5 7. Nb3 Be6 8. Be3 Nbd7 9. g4 b5 10. g5 b4 11. Ne2 Nh5 12. Qd2 a5 13. Ng3 Nxg3 14. hxg3 a4 15. Nc1 Qa5 16. f4 g6 17. Nd3 Bg7 18. a3 bxa3 19. Qxa5 Rxa5 20. Rxa3 O-O 21. b4 Raa8 22. Bg2 Rab8 23. Rxa4 Rfc8 24. Kd2 exf4 25. gxf4 Nb6 26. Bxb6 Rxb6 27. Bh3 Bxh3 28. Rxh3 Rbc6 29. Kd1 Rc4 30. Re3 Rxc2 31. Ra8 Rxa8 32. Kxc2 Rc8+ 33. Kb3 Bd4 34. Rf3 Rc3+ 35. Ka4 Kf8 36. Ne1 Rc1 37. Rd3 Bf2 38. Nf3 Ke7 39. Kb5 Rc8 40. Nd4 Kd7 41. Nf3 Ke7 42. Nd4 Kd7 1/2-1/2

[Event "60th ch-RUS Superfinal"]
[Site "Moscow RUS"]
[Date "2007.12.19"]
[Round "2"]
[White "Grischuk, A."]
[Black "Amonatov, F."]
[Result "1-0"]
[WhiteElo "2715"]
[BlackElo "2637"]
[PlyCount "109"]
[EventDate "2007.12.18"]
[Source "www.chesslib.no"]
[SourceDate "2004.05.04"]

1. e4 c5 2. Nf3 d6 3. d4 cxd4 4. Nxd4 Nf6 5. Nc3 a6 6. f3 e5 7. Nb3 Be6 8. Be3 Nbd7 9. Qd2 Be7 10. g4 O-O 11. O-O-O b5 12. g5 Nh5 13. Nd5 Bxd5 14. exd5 f5 15. gxf6 Bxf6 16. Na5 Nf4 17. c4 bxc4 18. Nc6 Qe8 19. Bxc4 Qh5 20. Rdf1 Nh3 21. Be2 Nf4 22. Bd1 Bg5 23. Kb1 Kh8 24. h4 Bh6 25. a4 Rac8 26. Bb3 Ng6 27. Bxh6 gxh6 28. Ka2 Nc5 29. Bc2 Nf4 30. Na5 Qf7 31. Rd1 Nd7 32. Bb3 Nc5 33. Bc2 Nd7 34. Rc1 Qxd5+ 35. Qxd5 Nxd5 36. Be4 N5b6 37. Rxc8 Rxc8 38. Rd1 d5 39. Bxd5 Rc5 40. Bc6 Nf6 41. b4 Rc3 42. Kb2 Re3 43. Kc2 Kg7 44. Rd3 Re1 45. Nb3 Rh1 46. a5 Nc4 47. Kc3 Rxh4 48. Nc5 Na3 49. Kb3 Nb5 50. Bxb5 axb5 51. a6 Rh1 52. Kb2 Rh2+ 53. Ka3 e4 54. fxe4 Rh1 55. Nb3 1-0

[Event "EU-chT (Men)"]
[Site "Batumi"]
[Date "1999.12.02"]
[Round "4.1"]
[White "Fedorov, Alexei"]
[Black "Topalov, Veselin"]
[Result "1/2-1/2"]
[WhiteElo "2659"]
[BlackElo "2690"]
[PlyCount "130"]
[EventDate "1999.11.06"]
[Source "ChessBase"]
[SourceDate "2000.02.01"]

1. e4 c5 2. Nf3 d6 3. d4 cxd4 4. Nxd4 Nf6 5. Nc3 a6 6. f3 e5 7. Nb3 Be6 8. Be3 Nbd7 9. g4 b5 10. g5 b4 11. Ne2 Nh5 12. Qd2 Be7 13. Ng3 Nf4 14. h4 h6 15. Bxf4 exf4 16. Nh5 Bxb3 17. axb3 g6 18. Nxf4 hxg5 19. Nd5 Ne5 20. Be2 g4 21. f4 Bxh4+ 22. Kf1 Nf3 23. Qxb4 Bf6 24. Bxf3 gxf3 25. Kf2 a5 26. Qb7 O-O 27. Kxf3 Kg7 28. f5 Rb8 29. Qa7 Ra8 30. Qe3 Rh8 31. Kg2 Rh5 32. Rxh5 gxh5 33. Qg3+ Kh6 34. Qe3+ Bg5 35. Qf3 Bc1 36. f6 Qg8+ 37. Kf2 Qg5 38. Ne3 Qh4+ 39. Kf1 Bxe3 40. Qxe3+ Kh7 41. Ke2 Rg8 42. Rf1 Rg2+ 43. Kd3 Qg4 44. Rf3 h4 45. Qf4 Kg6 46. Qxg4+ Rxg4 47. Kd4 Rg3 48. Rf1 h3 49. e5 dxe5+ 50. Kxe5 h2 51. Rh1 Rg2 52. c4 Re2+ 53. Kf4 Rxb2 54. Kg3 Rxb3+ 55. Kxh2 Rb4 56. Ra1 a4 57. c5 Kxf6 58. c6 Ke7 59. Rd1 Rc4 60. Rd7+ Ke6 61. Ra7 f5 62. c7 Kd7 63. Kg3 Kc8 64. Kf3 Re4 65. Kg3 Rc4 1/2-1/2

[Event "It (Men) Bermuda"]
[Site "?"]
[Date "2005.02.06"]
[Round "7"]
[White "Vescovi Giovanni P"]
[Black "Gelfand Boris"]
[Result "1/2-1/2"]
[WhiteElo "2645"]
[BlackElo "2696"]
[PlyCount "33"]
[EventDate "2005.??.??"]
[Source "www.chesslib.no"]
[SourceDate "2004.05.04"]

1. e4 c5 2. Nf3 d6 3. d4 cxd4 4. Nxd4 Nf6 5. Nc3 a6 6. f3 e6 7. Be3 b5 8. Qd2 Nbd7 9. g4 Nb6 10. a4 Nc4 11. Bxc4 bxc4 12. a5 Bb7 13. Na4 d5 14. e5 Nd7 15. f4 Qh4+ 16. Bf2 Qxg4 17. Rg1 1/2-1/2

[Event "France 81/196"]
[Site "?"]
[Date "2001.??.??"]
[Round "?"]
[White "Grischuk, A."]
[Black "Georgiev, Ki"]
[Result "1-0"]
[WhiteElo "2663"]
[BlackElo "2676"]
[PlyCount "85"]
[EventDate "2001.??.??"]
[Source "Chess Informant"]
[SourceDate "2001.02.01"]

1. e4 c5 2. Nf3 d6 3. d4 cxd4 4. Nxd4 Nf6 5. Nc3 a6 6. f3 e6 7. Be3 b5 8. g4 Nfd7 9. Qd2 Nb6 10. O-O-O N8d7 11. Qf2 Bb7 12. Bd3 Rc8 13. Nce2 Be7 14. Kb1 Na4 15. h4 Ndc5 16. g5 O-O 17. Qg3 Qc7 18. Rd2 Rfe8 19. h5 Bf8 20. g6 fxg6 21. hxg6 h6 22. Qh2 b4 23. Nf4 d5 24. exd5 exd5 25. Re2 Nxb2 26. Kxb2 Na4+ 27. Kc1 Qc3 28. Nb3 Qb2+ 29. Kd2 Qc3+ 30. Kc1 Qb2+ 31. Kd1 Nc3+ 32. Kd2 a5 33. Bd4 a4 34. Rxe8 Rxe8 35. Ne2 axb3 36. axb3 Nb1+ 37. Rxb1 Qxb1 38. Qf4 Bc6 39. Qc7 Be7 40. f4 Kh8 41. Qxc6 Rg8 42. Qe6 Bh4 43. Nc1 1-0